| Tag |
First Indicator |
Second Indicator |
Subfields |
| LEADER |
00000pam a2200000 a 4500 |
| 001 |
in00000520122 |
| 005 |
20151013081335.0 |
| 008 |
811201s1982 mau b 00010 eng |
| 010 |
|
|
|a 81068358
|
| 020 |
|
|
|a 0807067016 :
|c $8.25
|
| 035 |
|
|
|a (OCoLC)08034220
|
| 035 |
|
|
|9 ACF1066AM
|
| 039 |
0 |
|
|a 2
|b 3
|c 3
|d 3
|e 3
|
| 040 |
|
|
|a DLC
|c DLC
|d TXA
|d UtOrBLW
|
| 041 |
1 |
|
|a eng
|a ara
|
| 043 |
|
|
|a ma-----
|
| 049 |
|
|
|a TXAM
|
| 050 |
0 |
0 |
|a HQ1784
|b .S18 1982
|
| 082 |
0 |
|
|a 305.4/2/0956
|2 19
|
| 100 |
1 |
|
|a Saʻdāwī, Nawāl.
|
| 245 |
1 |
4 |
|a The hidden face of Eve :
|b women in the Arab world /
|c Nawal el Saadawi ; translated and edited by Sherif Hetata ; foreword by Irene L. Gendzier.
|
| 264 |
|
1 |
|a Boston, MA :
|b Beacon Press,
|c 1982.
|
| 300 |
|
|
|a xix, 212 pages ;
|c 21 cm.
|
| 336 |
|
|
|a text
|b txt
|2 rdacontent
|
| 337 |
|
|
|a unmediated
|b n
|2 rdamedia
|
| 338 |
|
|
|a volume
|b nc
|2 rdacarrier
|
| 504 |
|
|
|a Includes bibliographical references.
|
| 650 |
|
0 |
|a Women
|z Arab countries.
|
| 650 |
|
0 |
|a Sex customs
|z Arab countries.
|
| 999 |
|
|
|a MARS
|
| 999 |
f |
f |
|s 1a04939d-78ae-3759-be2f-b1917146ab9f
|i be48d25b-6e45-3cec-90a1-1c5860ad43d7
|t 0
|
| 952 |
f |
f |
|p ric
|a Texas A&M University
|b Rellis Campus
|c Joint Library Facility
|d Remote Storage
|t 0
|e HQ1784 .S18 1982
|h Library of Congress classification
|i unmediated -- volume
|m A14807940664
|
| 998 |
f |
f |
|a HQ1784 .S18 1982
|t 0
|l Remote Storage
|